| 000 | 00414nam a2200157 a 4500 | ||
|---|---|---|---|
| 008 | 960124s1991||||[C 0 slo c | ||
| 020 |
_a8085290057 _c29 |
||
| 040 |
_aSNK _bslo _cSNK _eAACR2 |
||
| 041 | 1 | _aslo | |
| 044 |
_axo _cSK |
||
| 100 | 1 |
_aKelleher, Ed _4aut |
|
| 245 | 1 | 0 |
_aČas diabla _cEd Kelleher, Harriette Vidalová |
| 260 |
_aBratislava _bAMOS _c1991 |
||
| 700 | 1 |
_aVidalová, Harriette _4aut |
|
| 958 | _aA | ||
| 999 |
_c12255 _d12255 |
||